00441nam a2200133 a 450000500170000000800410001705000270005810000180008524501050010326000320020830000190024065000210025965000270028020140412111407.0070920s19uu xx 00 eng d aTR(GS) 363.1bL29 1991 aLansky, Vicki aChild proof your home :ba comprehensive child safety guide. From crib to Preschool /cVicki Lansky. aMA :bSafety first,cc1991. a145p. ; 17.5cm aSafetyxHandbook aChild safetyxHandbook